Sobre la justicia: lecciones de Platón, Rawls e Ishiguro /

Guardat en:
Dades bibliogràfiques
Autor principal: Fraser, Nancy
Format: Text
Etiquetes: Afegir etiqueta
Sense etiquetes, Sigues el primer a etiquetar aquest registre!

MARC

LEADER 00000 a a2200000 04500
001 44839
003
040
100 |a Fraser, Nancy  
245 |a Sobre la justicia:   |b lecciones de Platón, Rawls e Ishiguro /  |c Nancy Fraser  
773 |g número74 (2012), páginas 37-46  
999 |c 39559  |d 39559